Szczegóły MARC21

Słownictwo pism Stefana Żeromskiego. T. 8, Świat doznań zmysłowych : (węch, smak, dotyk) /

003 -Nazwa inst., której nr kontr. jest w polu 001 [,]
    • @
    • Nazwa instytucji, której n kontrolny jest w polu 001
    • NUKAT
005 -DATA I CZAS OSTATNIEJ MODYFIKACJI [,]
    • @
    • pole kontrolne
    • 20241231111723.0
020 -Międzynarod. znormalizowany nr książki - ISBN [ , ]
    • a
    • Numer ISBN
    • 9788324208807 Find
040 -Instytucja sporządzająca opis [ , ]
    • a
    • Instytucja, która sporządziła opis (NP)
    • WR U/hp
    • c
    • Instytucja, która sporządziła rekord (NP)
    • WR U/hp
    • d
    • Instytucja, która zmodyfikowała rekord (P)
    • WR U/dl
    • d
    • Instytucja, która zmodyfikowała rekord (P)
    • WR U/DZs
942 -Rodzaj dokumentu [ , ]
    • c
    • Rodzaj dokumentu
    • Książka
100 -Hasło główne - nazwa osobowa [1, ]
    • a
    • Nazwa osobowa (NP)
    • Bartnicka-Dąbkowska, Barbara
    • d
    • Daty biograficzne (NP)
    • (1927-2011).
    • 9
    • KHW
    • 40435
245 -Strefa tytułu i oznaczenia odpowiedzialności [1,0]
    • a
    • Tytuł
    • Słownictwo pism Stefana Żeromskiego. Find
    • n
    • Oznaczenie części (P)
    • T. 8,
    • p
    • Nazwa części (P)
    • Świat doznań zmysłowych : (węch, smak, dotyk) /
    • c
    • Pozostałe elementy strefy tytułu i oznaczenia odpowiedzialności (NP)
    • Barbara Bartnicka.
246 -Wariant tytułu [3,0]
    • a
    • Tytuł (NP)
    • Świat doznań zmysłowych :
    • b
    • Ciąg dalszy tytułu (NP)
    • (węch, smak, dotyk)
260 -Strefa adresu wydawniczego [ , ]
    • a
    • Miejsce wydania (P)
    • Kraków :
    • b
    • Nazwa wydawcy (P)
    • Universitas,
    • c
    • Data wydania (P)
    • 2007.
300 -Strefa opisu fizycznego [ , ]
    • a
    • Określenie formy książki i/lub objętość (NP)
    • 215, [5] s. ;
    • c
    • Format (NP)
    • 24 cm.
336 -Typ zawartości [ , ]
    • a
    • Termin opisujący typ zawartości
    • Tekst
    • b
    • Kod określający zawartość
    • txt
    • 2
    • Źródło (terminu i kodu)
    • rdacontent
337 -Typ mediów [ , ]
    • a
    • Tryb odtwarzania
    • Bez urządzenia pośredniczącego
    • b
    • Kod typu mediów
    • n
    • 2
    • Źródło (terminu i kodu)
    • rdamedia
338 -Typ/rodzaj nośnika [ , ]
    • a
    • Hasło opisujące typ nośnika
    • Wolumin
    • b
    • Kod typu nośnika
    • nc
    • 2
    • Źródło (terminu i kodu)
    • rdacarrier
504 -Uwaga dot. bibliogr. załącznikowej [ , ]
    • a
    • Uwaga dot. bibliografii załącznikowej
    • Bibliogr. s. [217].
080 -Uniwersalna Klasyfikacja Dziesiętna [ , ]
    • 2
    • Identyfikator wydania tablic
    • UDC-P058
    • 9
    • UKD
    • 6699
    • a
    • Symbol klasyfikacji
    • 821.162.1(091)A/Z
    • b
    • Dopowiedzenie
    • Literatura polska (historia). Poszczególni pisarze.
    • 4
    • UKD2
    • 8241
    • x
    • Poddział wspólny
    • "18/19"
    • c
    • Dopowiedzenie poddz. wspólnego
    • Wiek XIX/XX.
    • 4
    • UKD2
    • 7663
    • x
    • Poddział wspólny
    • (038)
    • c
    • Dopowiedzenie poddz. wspólnego
    • (Słowniki).
080 -Uniwersalna Klasyfikacja Dziesiętna [ , ]
    • 2
    • Identyfikator wydania tablic
    • UDC-P058
    • 9
    • UKD
    • 11250
    • a
    • Symbol klasyfikacji
    • 811.162.1'373
    • b
    • Dopowiedzenie
    • Język polski. - Leksykologia. Słownictwo.
    • 4
    • UKD2
    • 8241
    • x
    • Poddział wspólny
    • "18/19"
    • c
    • Dopowiedzenie poddz. wspólnego
    • Wiek XIX/XX.
    • 4
    • UKD2
    • 7663
    • x
    • Poddział wspólny
    • (038)
    • c
    • Dopowiedzenie poddz. wspólnego
    • (Słowniki).
600 -Hasło przedmiotowe w formie nazwy osobowej [1,7]
    • a
    • Nazwa osobowa
    • Żeromski, Stefan
    • d
    • Daty związane z nazwą
    • (1864-1925)
    • v
    • Określnik formalny
    • słowniki, indeksy.
    • 2
    • Źródło terminu
    • kaba
    • 9
    • KHW
    • 364762
600 -Hasło przedmiotowe w formie nazwy osobowej [1,7]
    • a
    • Nazwa osobowa
    • Żeromski, Stefan
    • d
    • Daty związane z nazwą
    • (1864-1925)
    • x
    • Określnik rzeczowy
    • język
    • v
    • Określnik formalny
    • glosaria.
    • 2
    • Źródło terminu
    • kaba
    • 9
    • KHW
    • 364763
650 -Hasło przedmiotowe [ ,7]
    • a
    • Hasło przedmiotowe
    • Język polski
    • v
    • Określnik formalny
    • glosaria.
    • 2
    • Źródło terminu
    • kaba
    • 9
    • KHW
    • 166943
650 -Hasło przedmiotowe [ ,7]
    • a
    • Hasło przedmiotowe
    • Zmysły i wrażenia
    • x
    • Określnik rzeczowy
    • w literaturze
    • v
    • Określnik formalny
    • słowniki.
    • 2
    • Źródło terminu
    • kaba
    • 9
    • KHW
    • 364764
980 -Symbol UKD [ , ]
    • a
    • UKD
    • 821.162.1(091)Żeromski S.:811.162.1'373](038)
710 -Hasło dodatkowe - nazwa ciała zbiorowego [2, ]
    • a
    • Nazwa ciała zbiorowego lub nazwa geograficzna jako pierwszy element (NP)
    • Towarzystwo Autorów i Wydawców Prac Naukowych "Universitas".
    • 4
    • Kod relacji
    • pbl
    • 9
    • KHW
    • 56074
920 -ISBN [ , ]
    • a
    • ISBN
    • 978-83-242-0880-7 Find
Numer inwentarzowy Status udost. Data inwentaryzacji Lokalizacja Sygnatura
P.2276612012-03-07BMPOL. Słowniki języka pisarzy 29